000 00845nam a2200229 i 4500
001 175252
003 ES-MaACL
005 20250806062542.0
007 t|
008 101018s1970 sp f ||||1| spa d
080 _a725.96(460.27 M.)
100 1 _aLópez Jaén, Juan.
_9143644
245 1 4 _aLas murallas de Madrid /
_cpor Juan López Jaén.
260 _aMadrid :
_bAyuntamiento de Madrid, Delegación de Educación :
_bInstituto de Estudios Madrileños,
_c1970.
300 _a25 p. , [23] h. de lám. ;
_c22 cm.
490 1 _aCiclo de conferencias sobre monumentos madrileños ;
_v1
650 1 4 _aMurallas-
_zMadrid.
_9143646
710 2 _aInstituto de Estudios Madrileños
_94916
830 0 _aCiclo de conferencias sobre monumentos madrileños ;
_v1
_9189598
852 _aES-MaACL
_j2258-F-1
_xOlim P-53
999 _c175252
_d175252